[Event "Koge Xtracon op"]
[Site "Koge"]
[Date "2013.10.20"]
[Round "9"]
[White "Rendlev, Niels Moller"]
[Black "Christophersen, David"]
[Result "1-0"]
[WhiteElo "1818"]
[BlackElo "1811"]
[PlyCount "121"]
[EventDate "2013.10.14"]
[EventType "swiss"]
[EventRounds "9"]
[EventCountry "DEN"]
[SourceTitle "EXT 2014"]
[Source "ChessBase"]
[SourceDate "2013.11.20"]
[SourceVersion "1"]
[SourceVersionDate "2013.11.20"]
[SourceQuality "1"]

1. g3 e5 2. d3 Nf6 3. Bg2 d5 4. Nf3 Bd6 5. 0-0 h6 6. c4 d4 7. b4 Nbd7 8. c5 Be7 9. Qc2 0-0 10. Bb2 Re8 11. Nbd2 Nd5 12. a3 c6 13. Nc4 Bf8 14. Rfc1 a5 15. Nxa5 Nxc5 16. Nc4 Nd7 17. Qd2 N5b6 18. e3 Nxc4 19. dxc4 dxe3 20. Qxe3 Qc7 21. c5 Kh8 22. Re1 f6 23. Nh4 Nb8 24. Ng6+ Kg8 25. f4 Kf7 26. Nxf8 Kxf8 27. fxe5 Nd7 28. e6 Ne5 29. Bxe5 Qxe5 30. Qxe5 fxe5 31. Rxe5 Rxe6 32. Rxe6 Bxe6 33. Kf2 Rd8 34. Ke3 Bc4 35. Bf1 Bd5 36. Bd3 g5 37. a4 Kg7 38. b5 Ra8 39. b6 Bb3 40. a5 Re8+ 41. Kd4 Bd5 42. a6 bxa6 43. Rxa6 Kf6 44. b7 Rb8 45. Ra7 Ke7 46. Ba6 Kd7 47. Ra8 Kc7 48. Ke5 Bf7 49. g4 Be8 50. Kf6 Bd7 51. Rxb8 Kxb8 52. h3 Be8 53. Kg7 h5 54. Kf6 hxg4 55. hxg4 Ka7 56. Kxg5 Bf7 57. Kf6 Bb3 58. g5 Ba4 59. g6 Bb5 60. Bxb5 cxb5 61. c6 1-0

[Event "Koge Xtracon op"]
[Site "Koge"]
[Date "2013.10.19"]
[Round "8"]
[White "Christophersen, David"]
[Black "Andersen, Daniel"]
[Result "0-1"]
[WhiteElo "1811"]
[BlackElo "1933"]
[PlyCount "110"]
[EventDate "2013.10.14"]
[EventType "swiss"]
[EventRounds "9"]
[EventCountry "DEN"]
[SourceTitle "EXT 2014"]
[Source "ChessBase"]
[SourceDate "2013.11.20"]
[SourceVersion "1"]
[SourceVersionDate "2013.11.20"]
[SourceQuality "1"]

1. d4 Nf6 2. c4 g6 3. Nc3 d5 4. Bg5 Ne4 5. Nxe4 dxe4 6. e3 Bg7 7. Qc2 c5 8. Qxe4 h6 9. Bf4 Qa5+ 10. Kd1 Nc6 11. Qd5 Qb4 12. Qxc5 Qxb2 13. Rc1 Qxf2 14. Ne2 g5 15. d5 gxf4 16. dxc6 0-0 17. c7 Qxe3 18. Qxe3 fxe3 19. Nc3 Bxc3 20. Rxc3 Bg4+ 21. Be2 Bxe2+ 22. Kxe2 Rac8 23. Kxe3 Rxc7 24. Rd1 Rfc8 25. Rd4 b5 26. Rg4+ Kh7 27. Rf4 Kg7 28. Kd2 Rxc4 29. Rg3+ Kf8 30. Rf5 R8c5 31. Rxc5 Rxc5 32. Ra3 Rc7 33. h4 e6 34. Ra5 Rc4 35. Rxb5 Ra4 36. g3 Rxa2+ 37. Ke3 Kg7 38. Kf4 Ra4+ 39. Ke5 Rg4 40. Rb3 a5 41. Kd6 Rb4 42. Ra3 a4 43. Ke7 h5 44. Rf3 Rb7+ 45. Kd6 Rb3 46. Rf4 Rxg3 47. Rxa4 Rg4 48. Ra3 Rxh4 49. Ke7 Kg6 50. Ra8 Rf4 51. Rg8+ Kh7 52. Rg5 Rf5 53. Rg2 Kh6 54. Rg8 h4 55. Kf8 e5 0-1

[Event "Koge Xtracon op"]
[Site "Koge"]
[Date "2013.10.18"]
[Round "6"]
[White "Christophersen, David"]
[Black "Jacobsen, Mikkel Manosri"]
[Result "0-1"]
[WhiteElo "1811"]
[BlackElo "1928"]
[PlyCount "54"]
[EventDate "2013.10.14"]
[EventType "swiss"]
[EventRounds "9"]
[EventCountry "DEN"]
[SourceTitle "EXT 2014"]
[Source "ChessBase"]
[SourceDate "2013.11.20"]
[SourceVersion "1"]
[SourceVersionDate "2013.11.20"]
[SourceQuality "1"]

1. d4 Nf6 2. c4 c6 3. Nc3 d5 4. e3 e6 5. Nf3 Bd6 6. Bd3 0-0 7. 0-0 Nbd7 8. Qc2 Qe7 9. Re1 Re8 10. b3 e5 11. e4 dxc4 12. bxc4 exd4 13. Nxd4 Ne5 14. Nf5 Bxf5 15. exf5 Nf3+ 16. gxf3 Qxe1+ 17. Kg2 Qe5 18. f4 Qe7 19. Bd2 Qc7 20. Kf3 Nh5 21. Rg1 Bxf4 22. f6 Bxd2 23. Bxh7+ Kh8 24. fxg7+ Nxg7 25. Qxd2 Kxh7 26. Qg5 Qe5 27. Qh4+ Qh5+ 0-1

[Event "Koge Xtracon op"]
[Site "Koge"]
[Date "2013.10.16"]
[Round "3"]
[White "Lund, Silas"]
[Black "Christophersen, David"]
[Result "1-0"]
[WhiteElo "2416"]
[BlackElo "1811"]
[PlyCount "41"]
[EventDate "2013.10.14"]
[EventType "swiss"]
[EventRounds "9"]
[EventCountry "DEN"]
[SourceTitle "EXT 2014"]
[Source "ChessBase"]
[SourceDate "2013.11.20"]
[SourceVersion "1"]
[SourceVersionDate "2013.11.20"]
[SourceQuality "1"]

1. d4 Nf6 2. c4 g6 3. Nc3 Bg7 4. e4 d6 5. h3 0-0 6. Nf3 c6 7. Be2 Nbd7 8. Be3 Qc7 9. 0-0 Re8 10. Rb1 a6 11. b4 b5 12. Qb3 e5 13. d5 bxc4 14. Bxc4 c5 15. Nd2 cxb4 16. Qxb4 a5 17. Nb5 Qb7 18. Qxd6 Bf8 19. Qc6 Re7 20. Nc7 Qxc6 21. dxc6 1-0

[Event "Koge Xtracon op"]
[Site "Koge"]
[Date "2013.10.14"]
[Round "1"]
[White "Gade, Jens"]
[Black "Christophersen, David"]
[Result "0-1"]
[WhiteElo "1619"]
[BlackElo "1811"]
[PlyCount "32"]
[EventDate "2013.10.14"]
[EventType "swiss"]
[EventRounds "9"]
[EventCountry "DEN"]
[SourceTitle "EXT 2014"]
[Source "ChessBase"]
[SourceDate "2013.11.20"]
[SourceVersion "1"]
[SourceVersionDate "2013.11.20"]
[SourceQuality "1"]

1. f4 d5 2. Nf3 Nf6 3. e3 c5 4. Be2 Nc6 5. 0-0 e6 6. b3 Bd6 7. Bb2 Qc7 8. g3 e5 9. fxe5 Nxe5 10. Nc3 Bh3 11. Nb5 Nxf3+ 12. Rxf3 Qd7 13. Nxd6+ Qxd6 14. Bxf6 gxf6 15. Rf4 Rg8 16. e4 Qxf4 0-1